|
|
|
|
| LEADER |
01548nam a2200349 a 4500 |
| 001 |
000439781 |
| 003 |
CZ BrMZK |
| 005 |
20131104105434.0 |
| 007 |
ta |
| 008 |
970926s1966 xr 001 0 cze d |
| 015 |
|
|
|a cnb000488976
|
| 035 |
|
|
|a (OCoLC)42116277
|
| 040 |
|
|
|a ABA001
|b cze
|c KLG001
|d ABA001
|d BOA001
|
| 072 |
|
7 |
|a 635
|x Zahrádkářství
|2 Konspekt
|9 24
|
| 080 |
9 |
|
|a 635.9
|
| 245 |
0 |
0 |
|a Praktické zahradnictví :
|b květinářství-sadovnictví /
|c Viktor Braun ... [et al.] ; vedoucí autorského kolektivu Anna Horynová
|
| 250 |
|
|
|a 1. vyd.
|
| 260 |
|
|
|a Praha :
|b Státní zemědělské nakladatelství,
|c 1966
|
| 300 |
|
|
|a 495 s. ;
|c 8°
|
| 490 |
1 |
|
|a Rostlinná výroba
|
| 500 |
|
|
|a 18000 výt.
|
| 500 |
|
|
|a Obálka a vazba: František Adámek
|
| 653 |
0 |
|
|a květinářství
|a sadovnictví
|a zahrádkářství
|a ovocnářství
|a pěstování ovoce
|a semenářství
|a okrasné rostliny
|a vázání květin
|a letničky
|a trvalky
|a skleníkové květiny
|
| 655 |
|
7 |
|a příručky
|7 fd133209
|2 czenas
|
| 700 |
1 |
|
|a Braun, Viktor
|7 mzk2010572497
|4 aut
|
| 700 |
1 |
|
|a Horynová, Anna,
|d 1898-1976
|7 jk01042304
|4 aut
|
| 830 |
|
0 |
|a Rostlinná výroba (Státní zemědělské nakladatelství)
|0 s
|
| 856 |
4 |
1 |
|u http://www.digitalniknihovna.cz/mzk/uuid/uuid:b20e4c70-fde0-11e3-89c6-005056827e51
|y Digitalizovaný dokument
|x NDK
|
| 910 |
|
|
|a BOA001
|b 2-0557.583
|
| 990 |
|
|
|a BK
|
| 996 |
6 |
|
|b 2619636730
|c 2-0557.583
|l HP2
|r DEN
|n 0
|w 000439781
|u 000020
|a 1
|e BOA001
|j MZK50
|s P
|
| 996 |
7 |
|
|b 2619783470
|c 2-0557.583
|l HP2
|r DEN
|n 5
|w 000439781
|u 000010
|a 1
|e BOA001
|j MZK50
|s A
|